Statistics for Countries With Unique Last 2 Letters

Click here to take the quiz!

General Stats

  • This quiz has been taken 51 times
  • The average score is 28 of 47

Answer Stats

Starts WithUnique Country% Correct
aqIraq
94%
adChad
89%
zeBelize
86%
weZimbabwe
86%
jiFiji
83%
tuVanuatu
83%
oaSamoa
81%
luTuvalu
81%
eiBrunei
78%
rkDenmark
78%
ptEgypt
78%
rgLuxembourg
78%
elIsrael
75%
gaTonga
72%
shBangladesh
69%
nyGermany
69%
hoLesotho
69%
wiMalawi
69%
erNiger
64%
omUnited Kingdom
64%
umBelgium
61%
ilBrazil
61%
niEswatini
61%
itKuwait
61%
baCuba
58%
ryHungary
58%
meSuriname
58%
diBurundi
56%
leChile
56%
ueMozambique
56%
amVietnam
56%
liMali
47%
eyTurkey
47%
kaSri Lanka
44%
soBurkina Faso
42%
maPanama
42%
stIvory Coast
39%
vaMoldova
39%
roMontenegro
39%
noSan Marino
39%
reSingapore
39%
deCape Verde
36%
isSaint Kitts and Nevis
36%
peSão Tomé and Príncipe
36%
uaNicaragua
33%
raAndorra
31%
taMalta
31%

Score Distribution

Percentile by Number Answered

Percent of People with Each Score

Your Score History

You have not taken this quiz